| 000 | 00770nam a2200217 a 4500 | ||
|---|---|---|---|
| 001 | 000016626 | ||
| 003 | AM-YEHGA | ||
| 005 | 20250618070740.0 | ||
| 008 | 980623s1966 ai |||||||||||||||||arm d | ||
| 040 | _aAM-YeHGA | ||
| 041 | 0 | _aarm | |
| 100 | 1 |
_aՄահարի, Գուրգեն Գրիգորի, _d1903-1969 _91424 |
|
| 245 | 1 | 0 |
_aԱյրվող այգեստաններ : _b[Վեպ] / _cԳ.Գ. Մահարի; Խմբ.՝ Ս. Ա. Պայազատ. |
| 260 |
_aԵրևան : _bՀայաստան, _c1966. |
||
| 300 |
_a621 էջ ; _c22 սմ. |
||
| 650 | 1 | 4 |
_aՀայ գրականություն _xՎեպ _zՎան _zՎասպուրական |
| 653 | 0 | _aՄեծ եղեռն | |
| 700 | 1 |
_aՊայազատ, Սերգո Արտաշեսի, _d1909-1971 _eխմբ. _4edt |
|
| 942 |
_2udc _cBK |
||
| 090 | _c4716 | ||
| 999 |
_c4678 _d4678 |
||